Statistics for Cockney Rhyming Slang

Click here to take the quiz!

General Stats

  • This quiz has been taken 1,548 times
  • The average score is 8 of 11

Answer Stats

HintAnswer% Correct
Apples and PearsStairs
92%
Bread and HoneyMoney
90%
Dog and BonePhone
86%
Barnet FairHair
82%
China PlateMate
70%
Trouble and StrifeWife
70%
Plates of MeatFeet
69%
Mince PiesEyes
67%
Butcher's HookLook
66%
Richard the ThirdTurd
62%
Mutt and JeffDeaf
51%

Score Distribution

Percentile by Number Answered

Percent of People with Each Score

Your Score History

You have not taken this quiz